000
00249nam a2200097Ia 4500
008
120527s9999 xx 000 0 und d
100
_a
MUSSA, Michael. Et al.
245
_a
Improving the international monetary systems
260
_b
I.M.F
942
_c
BK
999
_c
25315
_d
25315